=LDR 00000nam 2200000 4500 =001 INLIS000000000014744 =005 20130612110024 =008 ***********************************Ind** =035 ##$$0010-061300000014744 =041 ##$$a Ind =082 ##$$a F 813 =090 ##$$a F 813, Boa b =100 ##$$a Boa, La Ode =245 ##$$a Buton dalam gerimis, La Ode Boa =260 ##$$a 2000 $b (s.l) =300 ##$$a ix, 100 hlm, Ilus, 20 cm =650 ##$$a Fiksi Indonesia =850 ##$$a NBPNMAT